Social work practice :assessment, planning, intervention and review

Saved in:
Bibliographic Details
Main Author: Parker, Jonathan
Format: Book
Language:English
Published: Sage 2017
Tags: Add Tag
No Tags, Be the first to tag this record!

MARC

LEADER 00000nam a22000007a 4500
008 201208b ||||| |||| 00| 0 eng d
020 |a 9781473989313 
100 |a Parker, Jonathan 
245 |a Social work practice  |b :assessment, planning, intervention and review  |c / Jonathan Parker  |e (Transforming social work practice)  |g ix,262p., ill. 
250 |b 5th 
260 |b Sage  |c 2017  |h Thousand Oarks, Calif.,  |i 692626  |i 692627  |l HV245.P21  |m Social services --- Great Britain. 
500 |a 'Include index and references" 
942 |a lcc  |c BK  |e A.R. Akinniyi  |f 8/12/2020 
952 |0 0  |1 0  |2 lcc  |4 0  |7 0  |9 180  |a HOL  |b HOL  |c GJ  |d 2020-12-14  |o HV245.P21  |p 2020-0126  |r 2020-12-08 00:00:00  |w 2020-12-08  |y BK 
952 |0 0  |1 0  |2 lcc  |4 0  |7 0  |9 181  |a HOL  |b SSL  |c GJ  |d 2020-12-08  |o HV245.P21  |p 2020-0127  |r 2020-12-08 00:00:00  |w 2020-12-08  |y BK 
999 |c 62  |d 62